| 000 | 00503cam a2200145u 4500 | ||
|---|---|---|---|
| 082 |
_a941 _bWAR _cD |
||
| 100 | 1 |
_aWarner, George Townsend, _950049 |
|
| 245 | 1 | 4 | _aThe groundwork of British history, |
| 260 |
_aLondon [etc.] _bBlackie and son limited _c[1924] |
||
| 300 |
_axiv p., 1 l., _b803 p. illus. (maps, geneal. tables) diagrs. _c20 cm. |
||
| 526 |
_a0 _b0 _c0 _d941_000000000000000_WAR |
||
| 650 |
_aMCE _9379 |
||
| 700 | 1 |
_aMarten, Clarence Henry Kennett, [from old catalog] _950050 |
|
| 942 |
_2ddc _cBK |
||
| 999 |
_c552789 _d552789 |
||